Mathematische Symbole Quiz - Extrem - Statistiken

Allgemein
  • Dieses Quiz wurde 123 mal gespielt
    121 seit der letzten Aktualisierung
  • Das Durchschnittsergebnis liegt bei 34 aus 70
Antwortstatistiken
Symbol Antwort % Korrekt
- Minuszeichen
100%
+ Pluszeichen
100%
= Gleichzeichen
99%
> Grösser als
98%
< Kleiner als
98%
×, ⋅, * Multiplikationszeichen
95%
% Prozentzeichen
93%
sin() Sinus
92%
cos() Cosinus
91%
÷, /, : Divisionszeichen
91%
Wurzelzeichen
90%
tan() Tangens
88%
e Eulersche Zahl
85%
() Klammer
79%
π Pi, Kreiszahl
79%
Π Produktzeichen (Pi)
79%
Ω, ω Omega
78%
Unendlichkeitszeichen
78%
Ungleichzeichen
78%
± Plus- Minuszeichen
72%
Promille
70%
∠, ∡, ∢, ∟ Winkelzeichen
70%
log(), lg(), ln() Logarithmus
69%
^ Exponentialzeichen
67%
asymptotisch zu
64%
Σ Summenzeichen (Sigma)
63%
ƒ Funktion
62%
Differenzzeichen
58%
° Verkettungszeichen
58%
ℕ (ℕ₀) Natürliche Zahlen (mit Null)
57%
α (α, β, γ, ...) Alpha
56%
Durchschnittszeichen
55%
! Fakultät
54%
Reelle Zahlen
52%
x (a, b, c, ...) Variabel
50%
Integralzeichen
49%
φ Phi, Goldener Schnitt
45%
Ganze Zahlen
44%
Dritte Wurzel
42%
Rationale Zahlen
41%
Parallelzeichen
39%
Senkrechtzeichen
33%
Grösser oder gleich
32%
kleiner oder gleich
32%
Elementzeichen
31%
Schnittmenge
28%
| Betragszeichen
25%
i Imaginäre Zahl
25%
𝕀 Irrationale Zahlen
25%
Komplexe Zahlen
19%
Vereinigung
19%
Kein Element von
17%
Leere Menge
15%
\ Differenz
14%
⊂, ⊆ Teilmenge
14%
𝔻 Definitionsmenge
13%
Τ Tau
13%
𝕃 Lösungsmenge
11%
Partielles Differential
9%
˜ Tilde
9%
Nabla
8%
¬ Negationszeichen
8%
⊇, ⊃ Obermenge
7%
Primzahlen
7%
𝔸 Algebraische Zahlen
5%
Auslassungspunkte
5%
Komplement
3%
Enthält Element als
2%
𝔾 Grundmenge
2%
Keine Untermenge von
1%
Keine übereinstimmenden Quizze gefunden
Verteilung der Resultate
Anzahl Personen mit jedem Resultat
Perzentil nach korrekt beantworteten Fragen
Ihre Resultats-Entwicklung
Sie haben dieses Quiz seit der letzten Aktualisierung nicht gespielt